000 01297nam0a22002891 4500
001 rc\4361725
005 20260407122427.0
021 _aRU
_b[69-5267]
035 _a(NLR Aleph) 008535716
090 _a8315783
_c8315783
100 _a20130416d1968 |||y0rusy50 ca
101 0 _arus
102 _aRU
105 _ay z |||||
200 1 _aГипертоническая болезнь, атеросклероз и коронарная недостаточность
_eСборник статей
_f[Ред. коллегия: Н.И. Лукьянова (отв. ред.) и др.]
_gМ-во здравоохранения СССР. Укр. ин-т усовершенствования врачей
210 _aХарьков
_cБ. и.
_d1968
215 _a253 с.
_d20
606 _aРевматизм
_jСборники
_2psbo
606 _aСердечно-сосудистые болезни
_jСборники
_2psbo
606 _aКоллагенозы
_jСборники
_2psbo
702 1 _aЛукьянова
_bН.И.
_4340
712 0 2 _aУкраинский институт усовершенствования врачей
_cХарьков
_3RU\NLR\AUTH\889958624
_9413427
801 0 _aRU
_bNLR
_gpsbo
801 1 _aRU
_bELAR
_2rusmarc
852 _aNLR
_j69-3/1635
942 _cBOOK
980 _aNB